| 000 | 00608nam a22002057a 4500 | ||
|---|---|---|---|
| 005 | 20251108173526.0 | ||
| 008 | 250721s1995 xx 000 0 ara d | ||
| 082 | 1 | 4 | _a926.08/صما |
| 100 | 1 |
_aالصمادي، عامر _eمترجم |
|
| 245 | 1 | 0 | _aعظماء المخترعين / |
| 264 | 1 |
_aعمان : _bدار العامر للترجمة و النشر، _c1995. |
|
| 300 | _a107 ص. | ||
| 650 | 1 | 7 | _aالإختراعات |
| 650 | 1 | 7 | _aالتراجم |
| 650 | 1 | 7 | _aالمخترعون |
| 650 | 1 | 7 | _aالعلماء |
| 700 | 1 | _aبوردر، روز ماري | |
| 942 |
_2ddc _cBK |
||
| 999 |
_c105982 _d105982 |
||